000 01094nam a22002417a 4500
003 PE SENCICO BE
005 20251020182645.0
008 231030b |||||||| |||| 00| 0 eng d
040 _aPE SENCICO BE
_cPE SENCICO BE
041 _aspa
084 _aI
_aCOM
_a2013
_bM79
100 1 _91738
_aMorales Guzman, Javier Enrique
_eautor
245 1 _aUso y aplicación de sistemas informáticos en la gestión pública /
_cJavier Enrique Morales Guzman
260 _aLima :
_c2013
300 _a38 h. :
_btabls., il. col. ;
_c30 cm.
502 _aMonografía de Titulación.-- Servicio Nacional de Capacitación para la Industria de la Construcción. Escuela Superior Técnica. Carrera Profesional Técnica en Computación e Informática, 2013
650 1 0 _91087
_aSistemas de información
650 2 0 _91124
_aSistemas de información en administración
650 2 0 _91739
_aSistema Integrado de Administración Financiera (SIAF)
710 1 _aServicio Nacional de Capacitación para la Industria de la Construcción.
_bEscuela Superior Técnica
_91065
910 _bhfp
_chfp
942 _cMON
999 _c4410
_d4410